Globalización, pobreza y exclusión social

Enregistré dans:
Détails bibliographiques
Format: Texte
Tags: Ajouter un tag
Pas de tags, Soyez le premier à ajouter un tag!

MARC

LEADER 00000 a a2200000 04500
001 727
003
040
245 |a Globalización, pobreza y exclusión social  
773 |g volumen 23, número 296; páginas 12-16  
999 |c 31103  |d 31103